Länder, die Hamburg am Nächsten liegen - Statistiken

Allgemein
  • Dieses Quiz wurde 284 mal gespielt
  • Das Durchschnittsergebnis liegt bei 28 aus 31
Antwortstatistiken
km Staat % Korrekt
138 Dänemark
100%
188 Niederlande
100%
516 Frankreich
99%
462 Luxemburg
99%
280 Polen
99%
272 Schweden
99%
388 Belgien
98%
918 Finnland
98%
647 Schweiz
98%
514 Norwegen
96%
596 Österreich
96%
387 Tschechien
96%
735 Italien
94%
640 Russland
94%
699 Liechtenstein
92%
723 Slowakei
92%
562 Vereinigtes Königreich
92%
826 Slowenien
91%
895 Estland
90%
764 Lettland
90%
736 Litauen
90%
901 Kroatien
89%
794 Ungarn
89%
946 Ukraine
87%
892 Belarus
86%
1057 Irland
83%
1060 Serbien
81%
1018 Bosnien und Herzegowina
77%
1079 San Marino
73%
1106 Monaco
72%
1080 Rumänien
69%
Keine übereinstimmenden Quizze gefunden
Verteilung der Resultate
Anzahl Personen mit jedem Resultat
Perzentil nach korrekt beantworteten Fragen
Ihre Resultats-Entwicklung
Sie haben dieses Quiz noch nicht gespielt